00657cam a22002171 4500001001300000003000400013005001700017008004100034010001700075035001900092040001800111042001200129050002600141130002400167245012600191250001300317260003700330300002700367700002800394999001700422sa 67000359 DLC20260227112314.0781102s1963 io 000 0 ind  asa 67000359  a(OCoLC)4339605 aDLCcCtYdDLC apremarc00aPL5415.9.S5bT55 19630 aSi Oemboet Moedô.10aTjerita si Umbut Muda.cDi Indonesiakan oleh Tulis Sutan Sati. 5 gambar dalam dan gambar kulit oleh Iljas St. Madjo Kajo. aTjet. 3. aDjakarta,bBalai Pustaka,c1963. a119 p.billus.c18 cm.1 aSati, Tulis Sutan,etr. c71935d71935